000 00671nam a2200193Ia 4500
003 OSt.
005 20250627091250.0
008 191128s1987 ck er 000 f spa d
040 _aCO-JMCR
_cCO-JMCR
041 _aspa
082 0 4 _aA-P
_bCARp
100 1 _aCardozo Luna, Hernando,
_d1948
_eautor
_98744
245 1 0 _aPunto azul :
_bpoemas /
_cHernando Cardozo Luna
260 _aBogotá :
_bFundación Politécnico Grancolombiano,
_c1987
300 _a45 páginas ;
_c22 cm.
505 _aAmor -- Ti -- Tu mano -- Más allá de tu pelo -- Besame -- A diario -- Plenitud -- Decisión -- El enamorado --Pequeña
650 1 4 _aPoesía colombiana
_98745
942 _2ddc
_cBK
999 _c3525
_d3525